Music Quiz

Random Music or Singers Quiz

Billy Joel Setlist Scramble Quiz Stats

 Plays Quiz Updated May 15, 2018

Challenge
Share
Tweet
Score 0/127 Timer 10:00
4 Plays Today
% Correct
Piano Man
97.4%
                              
97.4%
                              
97.4%
Uptown Girl
96.9%
                              
96.9%
                              
96.9%
We Didn't Start the Fire
88.5%
                              
88.5%
                              
88.5%
                              
88.5%
                              
88.5%
                              
88.5%
New York State of Mind
86.8%
                              
86.8%
                              
86.8%
                              
86.8%
                              
86.8%
                              
86.8%
                              
82.3%
Only the Good Die Young
82.3%
                              
82.3%
                              
82.3%
                              
82.3%
                              
82.3%
Captain Jack
78.6%
                              
78.6%
                              
78.6%
She's Always a Woman
77.9%
                              
77.9%
                              
77.9%
                              
77.9%
                              
77.9%
Scenes from an Italian Restaurant
77.4%
                              
77.4%
                              
77.4%
                              
77.4%
                              
77.4%
                              
77.4%
It's Still Rock and Roll to Me
76.2%
                              
76.2%
                              
76.2%
                              
76.2%
                              
76.2%
% Correct
                              
76.2%
                              
76.2%
                              
76.2%
The Entertainer
72.3%
                              
72.3%
                              
72.3%
The Longest Time
71%
                              
71%
                              
71%
                              
71%
Big Shot
70.2%
                              
70.2%
                              
70.2%
Goodnight Saigon
68.1%
                              
68.1%
                              
68.1%
Tell Her About It
64.9%
                              
64.9%
                              
64.9%
                              
64.9%
                              
64.9%
An Innocent Man
64.5%
                              
64.5%
                              
64.5%
                              
64.5%
The River of Dreams
60.6%
                              
60.6%
                              
60.6%
                              
60.6%
                              
60.6%
Just the Way You Are
57%
                              
57%
                              
57%
                              
57%
                              
57%
                              
57%
I Go to Extremes
56.8%
                              
56.8%
                              
56.8%
                              
56.8%
                              
56.8%
Say Goodbye to Hollywood
56.3%
                              
56.3%
% Correct
                              
56.3%
                              
56.3%
                              
56.3%
Movin' Out (Anthony's Song)
55.4%
                              
55.4%
                              
55.4%
                              
55.4%
                              
55.4%
My Life
54.6%
                              
54.6%
                              
54.6%
You May Be Right
54.1%
                              
54.1%
                              
54.1%
                              
54.1%
                              
54.1%
A Matter of Trust
53.6%
                              
53.6%
                              
53.6%
                              
53.6%
                              
53.6%
She's Got a Way
52.6%
                              
52.6%
                              
52.6%
                              
52.6%
                              
52.6%
Don't Ask Me Why
47.2%
                              
47.2%
                              
47.2%
                              
47.2%
                              
47.2%
And So It Goes
43.3%
                              
43.3%
                              
43.3%
                              
43.3%
                              
43.3%
Everybody Loves You Now
35.3%
                              
35.3%
                              
35.3%
                              
35.3%
                              
35.3%

You're not logged in!

Compare scores with friends on all Sporcle quizzes.
OR
Log In

You Might Also Like...

Show Comments

Extras

Top Quizzes Today


Score Distribution

Your Account Isn't Verified!

In order to create a playlist on Sporcle, you need to verify the email address you used during registration. Go to your Sporcle Settings to finish the process.

Report this User

Report this user for behavior that violates our Community Guidelines.

Details: